Kapitoly z konzervace a restaurování plastů II

Gespeichert in:
Bibliographische Detailangaben
Format: Buch
Sprache:Tschechisch
Veröffentlicht: Brno : Metodické centrum konzervace - Technické muzeum v Brně, 2021.
Ausgabe:1. vydanie
Schlagworte:
Online-Zugang:Im OPAC anzeigen
Tags: Tag hinzufügen
Keine Tags, Fügen Sie das erste Tag hinzu!

MARC

LEADER 00000nam a22000007a 4500
003 SK-BrSCK
005 20260127134425.0
008 221220b2021 xr adf|| |||| 00| 0 cze d
020 |a 978-80-87896-95-2  |q brožované 
040 |a SK-BrSCK  |b slo  |c SK-BrSCK 
245 |a Kapitoly z konzervace a restaurování plastů II  |c Petra Vávrová (ed.) 
250 |a 1. vydanie 
260 |a Brno :  |b Metodické centrum konzervace - Technické muzeum v Brně,  |c 2021. 
300 |a 74 strán :  |b Obr., tab.;  |c 23 cm. 
650 4 |2 czenas  |9 1428  |a plasty 
942 |2 udc  |c 14 
999 |c 12462  |d 12462